Gestione paziente - Statistics

Statistiche generali
  • Questo quiz è stato fatto 8 volte
  • Il punteggio medio è 19 su 81
Statistiche sulle risposte
Risposta % Corretto
auscultare torace
50%
emocromo
50%
esami ematochimici
50%
FR
50%
pressione
50%
pressione
50%
Airways
25%
Airways and cervical spine control
25%
anatomia lesione
25%
Babinski
25%
Breathing
25%
Breathing and oxygen
25%
categorie particolari
25%
cavo di douglas
25%
Circulation
25%
Circulation and hemorrahage control
25%
Criteri NEXUS per RX
25%
determinare Glasgow Coma Scale
25%
Disability
25%
Disability
25%
dolorabilità o dolore linea mediana
25%
dove trasportare
25%
ECOFAST
25%
ecofast e TC
25%
EGA arteriosa
25%
elettroliti/BUN
25%
emianopsia
25%
emiparesi
25%
Exposure
25%
Fumo di pipa (guancia)
25%
GCS
25%
GCS<=8
25%
GCS <8 intubazione
25%
gruppo sanguigno
25%
Identificazione del paziente
25%
IMIST
25%
immobilizzazione rachide
25%
impostare tipo ventilazione
25%
Injuries
25%
Intubazione endotracheale
25%
ipotonia arti monolaterale
25%
load and play
25%
loggia splenica
25%
meccanica torace (PNX)
25%
meccanismo di danno
25%
meccanismo di danno
25%
ottenere accessi venosi/arteriosi
25%
Parametri vitali
25%
pervietà vie respiratorie
25%
polsi centrali periferici bilateralmente
25%
presenza foci emorragici interni/esterni (bacino)
25%
presenza segni di lato
25%
rapido esame neurologico
25%
respiro spontaneo o no
25%
scoop and run
25%
segni vitali e GCS
25%
somministrare ox o ventilare
25%
sottoxifoidea
25%
stay and play
25%
tasca di morrison
25%
test coagulazione ROTEM o TEG
25%
trattamento in atto
25%
trauma maxillofacciale
25%
ustioni volto
25%
valutare pupille
25%
Valutazione primaria
25%
versamento epatico e/o renale
25%
versamento pericardico
25%
Brown Sequard
0%
cause di arresto cardiaco (TTTIII)
0%
colorito cute
0%
deficit neurologici
0%
instabilità emodinamica
0%
intossicazioni
0%
intossicazioni
0%
ipossia
0%
sedare paziente
0%
stato mentale alterato
0%
tessuti molli e integrità cassa
0%
trauma da distrazione
0%
valutare motilità e sensibilità arti
0%
Nessun quiz corrispondente trovato
Distribuzione punteggi
Percentuale di utenti per punteggio
Percentile per numero di risposta
I tuoi punteggi nel tempo
Non hai fatto questo quiz